000 00464cam a22001337a 4500
008 180718b2006 xxu||||| |||| 00| 0 eng d
100 _aLey, Eduardo
245 _aJointness in bayesian variable selection with applications to growth regression
_cby Eduardo Ley and Mark F.J. Steel
260 _aWashington, D.C.
_bWorld Bank
_c2006
300 _a16p.
440 _aPolicy research working paper; 4063
650 _aJointness-- bayesian
700 _aSteel, Mark F.J.
999 _c294518
_d294518